Ο ορεινός τουρισμός στην Ελλάδα : πτυχιακή εργασία
Saved in:
| Main Author: | |
|---|---|
| Corporate Author: | |
| Other Authors: | |
| Format: | Thesis Book |
| Language: | Greek |
| Published: |
2003
|
| Subjects: | |
| Tags: |
Add Tag
No Tags, Be the first to tag this record!
|
MARC
| LEADER | 00000cam a2200000 i 4500 | ||
|---|---|---|---|
| 001 | 1/77084 | ||
| 008 | 050525s2003 gre d | ||
| 035 | |l 10078153 | ||
| 040 | |a GR-MY-UA |b gre |e aacr | ||
| 041 | 0 | |a gre | |
| 082 | 0 | |a 338.4791094954 |2 (22) | |
| 100 | 1 | |a Παλάγκας, Νικόλαος. | |
| 245 | 1 | 2 | |a Ο ορεινός τουρισμός στην Ελλάδα : |b πτυχιακή εργασία / |c Παλάγκας Νικόλαος ; επιβλέπων καθηγητής Τσάρτας Πάρις |
| 260 | |c 2003 | ||
| 300 | |a 106 σ.; |b εικ., πίν., χάρτες; |c 30 εκ. | ||
| 502 | # | # | |a Πτυχιακή εργασία – Πανεπιστήμιο Αιγαίου, Χίος, 2003. |
| 504 | |a Περιλαμβάνει βιβλιογραφία | ||
| 610 | 2 | 0 | |a Πανεπιστήμιο Αιγαίου. |
| 650 | 0 | 0 | |a Tourism |z Greece. |
| 650 | 0 | 0 | |a Tourism |x Marketing. |
| 650 | 0 | 0 | |a Mountains |z Thessalia |z Greece. |
| 650 | 0 | 0 | |a Dissertations, Academic |z Greece. |
| 700 | 1 | |a Τσάρτας, Πάρις, |d 1956- |4 ths | |
| 710 | 1 | |a Πανεπιστήμιο Αιγαίου |b Σχολή Επιστημών της Διοίκησης |b Τμήμα Διοίκησης Επιχειρήσεων - Τ.Δ.Ε. | |
| 852 | |a INST |b CHIOS |c DIATR |e 20050525 |h 338.4791094954 ΠΑΛ |p 005200025336 |q 005200025336 |t DIE |y 23 | ||
| 852 | |a INST |b CHIOS |c DIATR |e 20050525 |h 338.4791094954 ΠΑΛ |p 005200025337 |q 005200025337 |t DIE |y 23 | ||
| 901 | |a BIBL2-2005-2 | ||
| 909 | |a Χ |b 119047 | ||
| 909 | |a Χ |b 119046 | ||
| 924 | |a ΠΑΛΑΓΚΑΣ |b ΝΙΚΟΛΑΟΣ |y ΧΙΟΣ |z 2004-11 | ||
| 970 | |a ΒΑΣΙΛΑΚΗ |b ΝΙΚΗ |z 2005/05/25 | ||